| 000 | 01071nam a2200301 i 4500 | ||
|---|---|---|---|
| 001 | 25459 | ||
| 003 | KOSZ 005 | ||
| 005 | 20220824101118.0 | ||
| 008 | 071202s1971 pl a f 000 0 pol | ||
| 015 | _aPB 1971/2940 | ||
| 035 | _a(OCoLC)831222761 | ||
| 040 |
_aWA N _cWA N _dKOSZ 005/KK |
||
| 080 | _a624.131:551.3(438) | ||
| 100 | 1 |
_aMalinowski, Jan _d(1922-1994). _eAutor. |
|
| 245 | 1 | 0 |
_aBadania geologiczno-inżynierskie lessów / _cJan Malinowski. |
| 260 |
_aWarszawa : _bWydawnictwa Geologiczne, _c1971. |
||
| 300 |
_a118, [1] stron : _bilustracje, mapy ; _c23 cm. |
||
| 336 |
_2rdacontent _aTekst _btxt |
||
| 337 |
_2rdamedia _aBez urządzenia pośredniczącego _bn |
||
| 338 |
_2rdacarrier _aWolumin _bnc |
||
| 380 | _aKsiążki. | ||
| 504 | _aBibliografia na stronach 117-[119]. | ||
| 658 | _aArchitektura i budownictwo | ||
| 658 | _aGeografia i nauki o ziemi | ||
| 710 |
_aWydawnictwa Geologiczne _4pbl. |
||
| 856 |
_uhttp://koha.tu.koszalin.pl/cgi-bin/koha/opac-detail.pl?biblionumber=25459 _yKatalog online BPK |
||
| 942 |
_2UKD _cKS |
||
| 999 |
_c25459 _d25459 |
||